00357nam a2200133Ia 4500008004100000020001500041041001200056082001600068100001700084245006300101260003500164300000800199650001600207221030s9999 xx 000 0 und d a8178672227 aEnglish a105.23bNil aN. J. Nilson 0aArtificial Intelligence : A New Synthesiscby N. J. Nilson bHarcourt AsiaaNew Delhic2002 a513 aBE Computer